Illustrations of architecture and ornament (Record no. 114154)

MARC details
000 -LEADER
fixed length control field 00721cam a22001815a 4500
001 - CONTROL NUMBER
control field L156284
008 - FIXED-LENGTH DATA ELEMENTS--GENERAL INFORMATION
fixed length control field 120510s1871 xxk f 000 0 eng d
035 ## - SYSTEM CONTROL NUMBER
System control number (Sirsi) u156284
041 0# - LANGUAGE CODE
Language code of text/sound track or separate title eng
100 1# - MAIN ENTRY--PERSONAL NAME
Personal name Waring, J. B.
Fuller form of name (John Burley)
Dates associated with a name 1823-1875
245 00 - TITLE STATEMENT
Title Illustrations of architecture and ornament
Remainder of title A series of seventy plates drawn and etched on copper, from his own sketches in France, Italy, Spain, Germany, Holland, and Belgium
Statement of responsibility, etc. By J. B. Waring ... With descriptive notices by the artist
260 ## - PUBLICATION, DISTRIBUTION, ETC.
Place of publication, distribution, etc. London
Name of publisher, distributor, etc. Blackie
Date of publication, distribution, etc. 1871
300 ## - PHYSICAL DESCRIPTION
Extent viii, 48 p.
Other physical details 70 plates
Dimensions 39 cm.
583 0# - ACTION NOTE
Action Condition reviewed
Time/date of action 20120620
Status condition level 1
651 #4 - SUBJECT ADDED ENTRY--GEOGRAPHIC NAME
Geographic name Europe
690 ## - LOCAL SUBJECT ADDED ENTRY--TOPICAL TERM (OCLC, RLIN)
Topical term or geographic name as entry element Design and specification
942 ## - ADDED ENTRY ELEMENTS (KOHA)
Suppress in OPAC 0
Holdings
Withdrawn status Lost status Source of classification or shelving scheme Damaged status Not for loan Home library Current library Shelving location Date acquired Total Checkouts Full call number Barcode Date last seen Copy number Price effective from Koha item type
    Dewey Decimal Classification     Historic collection Historic collection Historic collection 10/05/2012   FOLIO 1871 WARING 30077532 06/08/2019 1 06/08/2019 Book